| 000 | 00382 a2200169 4500 | ||
|---|---|---|---|
| 001 | 180232 | ||
| 020 | _a85-16-00984-X | ||
| 040 | _cMagnum | ||
| 100 | _aMurgel Branco, Samuel | ||
| 240 | 1 | 0 |
_aO saci e a reciclagem do lixo _lpor |
| 245 | 1 | 0 | _aO saci e a reciclagem do lixo |
| 300 | _a16 | ||
| 362 | 0 | _a1994 | |
| 440 | 1 | _aModerna | |
| 697 | _aLITERATURA INFANTO | ||
| 942 | _cBK | ||
| 999 |
_c180232 _d180232 |
||